| 000 | 00771nam a2200205 a 4500 | ||
|---|---|---|---|
| 003 | 0 | ||
| 005 | 20250320072342.0 | ||
| 008 | 080915s19uu xx 00 eng d | ||
| 050 |
_aPHS SB 931 _b.So1 2008 |
||
| 100 | _aSo, Stephanie. | ||
| 245 |
_aThe Use of Nerium oleander (Adelfa) infusion as an insecticide in controlling Drosophilidae (Fruit Fly) / _cStephanie So. |
||
| 260 |
_aLas PiƱas City, Philippines : _bSouthville International School and Colleges, _c2008. |
||
| 300 |
_a27 pages : _billustrations ; _c28 cm. |
||
| 504 | _aIncludes bibliographical references. | ||
| 650 |
_aInsecticides _xNatural products. |
||
| 650 | _aBotanical pesticides. | ||
| 650 |
_aNerium oleander _xPesticidal properties. |
||
| 650 |
_aDrosophilidae _xControl. |
||
| 942 |
_2lcc _cPASS |
||
| 999 |
_c98063 _d98063 |
||